000 00823nam a2200253Ia 4500
003 OSt
005 20220923231023.0
006 a|||||r|||| 00| 0
007 ta
008 220922b |||||||| |||| 00| 0 san d
024 _a354,138
037 _cTextual
040 _aARTS
_cARTS
_bsan
041 _2san
_asan
082 _aNT(P15), 152L0
100 _aशुक्ल, रामलखन, ले.
_9156349
245 0 _aसंस्कृत नाट्य - कला
246 _aSanskṛut nāṭya - kalā
260 _aदिल्ली
_b मोतीलाल बनारसीदास
_c1970
300 _a149पृ0
_ccm.
650 _aललित कला
_9156314
942 _hNT(P15), 152L0
_cTEXL
_2CC
999 _c388820
_d388820